000 00606nam a22002297a 4500
003 UA-OsUOA
001 88508
007 ta
008 20121008b un ||||| |||| 00| 0 ukr d
100 _aЮгов А. К.
090 _a821.161.1
_bЮ15
942 _cBK
040 _aUA-OsUOA
_brus
_cUA-OsUOA
_dUA-OsUOA
245 _aРатоборцы
_bэпопея в 2-х кн.
300 _a510 с.
955 _a3
041 _arus
080 _a821.161.1
260 _aМинск
_bБеларусь
_c1986
650 7 _a82 Література. Літературознавство
_2UDC
999 _c374307
_d374307